| 000 | 00501nam a2200181Ia 4500 | ||
|---|---|---|---|
| 005 | 20250508162505.0 | ||
| 008 | 008 250505s9999 xx 000 0 eng d | ||
| 037 | _aTextual | ||
| 040 |
_aFEDL _beng _cFEDL |
||
| 041 |
_aeng _2eng |
||
| 084 |
_a378, HOM _qFEDL |
||
| 100 |
_aHommadi A H _9406858 |
||
| 245 | 0 | _aHigher education in third world | |
| 260 |
_aDelhi, India _bIndian Bibliographies Bureau _c1985 |
||
| 300 | _a240p. | ||
| 942 |
_cTEXL _h378, HOM |
||
| 999 |
_c1376885 _d1376885 |
||